<?xml version="1.0" encoding="UTF-8"?>
<record
    xmlns:xsi="http://www.w3.org/2001/XMLSchema-instance"
    xsi:schemaLocation="http://www.loc.gov/MARC21/slim http://www.loc.gov/standards/marcxml/schema/MARC21slim.xsd"
    xmlns="http://www.loc.gov/MARC21/slim">

  <leader>00591nam a2200145   4500</leader>
  <controlfield tag="008">708 P977p</controlfield>
  <datafield tag="020" ind1=" " ind2=" ">
    <subfield code="a">9968899038</subfield>
  </datafield>
  <datafield tag="082" ind1=" " ind2=" ">
    <subfield code="a">708</subfield>
    <subfield code="b">P977p</subfield>
  </datafield>
  <datafield tag="100" ind1=" " ind2=" ">
    <subfield code="a">Marxuach, Michelle (curadur&#xED;a)</subfield>
    <subfield code="9">6762</subfield>
  </datafield>
  <datafield tag="245" ind1=" " ind2=" ">
    <subfield code="a">Puertos y Costas Ricas o Costas y Puertos Ricos</subfield>
  </datafield>
  <datafield tag="260" ind1=" " ind2=" ">
    <subfield code="a">San Jos&#xE9;, Costa Rica</subfield>
    <subfield code="b">TEOR/&#xE9;Tica</subfield>
    <subfield code="c">2000</subfield>
  </datafield>
  <datafield tag="300" ind1=" " ind2=" ">
    <subfield code="a">6 p.</subfield>
    <subfield code="b">ill (col)</subfield>
    <subfield code="c">20,2 x 21.5 cm</subfield>
  </datafield>
  <datafield tag="650" ind1=" " ind2=" ">
    <subfield code="x">arte contempor&#xE1;neo</subfield>
    <subfield code="x">arte - exhibiciones</subfield>
    <subfield code="x">arte - Puerto Rico</subfield>
    <subfield code="x">arte - Costa Rica</subfield>
    <subfield code="x">Rosado, Chemi</subfield>
    <subfield code="x">Rivera, Jorge</subfield>
    <subfield code="x">Herrero, Federico</subfield>
    <subfield code="x">Con, Roc&#xED;o</subfield>
    <subfield code="x">Mendoza, Nadia</subfield>
    <subfield code="9">6763</subfield>
  </datafield>
  <datafield tag="700" ind1=" " ind2=" ">
    <subfield code="a">P&#xE9;rez-Ratton, Virginia (curadur&#xED;a)</subfield>
    <subfield code="9">6715</subfield>
  </datafield>
  <datafield tag="999" ind1=" " ind2=" ">
    <subfield code="c">1656</subfield>
    <subfield code="d">1656</subfield>
  </datafield>
  <datafield tag="952" ind1=" " ind2=" ">
    <subfield code="0">0</subfield>
    <subfield code="1">0</subfield>
    <subfield code="2">ddc</subfield>
    <subfield code="4">0</subfield>
    <subfield code="7">0</subfield>
    <subfield code="a">LV</subfield>
    <subfield code="b">LV</subfield>
    <subfield code="c">Colecci&#xF3;n Teor&#xE9;tica</subfield>
    <subfield code="d">2018-11-01</subfield>
    <subfield code="l">1</subfield>
    <subfield code="o">708 P977p</subfield>
    <subfield code="p">002194</subfield>
    <subfield code="r">2021-03-18 00:00:00</subfield>
    <subfield code="s">2019-03-13</subfield>
    <subfield code="w">2018-11-01</subfield>
    <subfield code="y">01</subfield>
  </datafield>
  <datafield tag="952" ind1=" " ind2=" ">
    <subfield code="0">0</subfield>
    <subfield code="1">0</subfield>
    <subfield code="2">ddc</subfield>
    <subfield code="4">0</subfield>
    <subfield code="7">0</subfield>
    <subfield code="a">LV</subfield>
    <subfield code="b">LV</subfield>
    <subfield code="c">Colecci&#xF3;n Teor&#xE9;tica</subfield>
    <subfield code="d">2018-11-01</subfield>
    <subfield code="l">0</subfield>
    <subfield code="o">708 P977p</subfield>
    <subfield code="p">002177</subfield>
    <subfield code="r">2018-11-01 00:00:00</subfield>
    <subfield code="w">2018-11-01</subfield>
    <subfield code="y">01</subfield>
  </datafield>
</record>
